Miasta z największą liczbą ludności we Włoszech - Statystyki

Ogólne statystyki
  • Ten quiz został rozwiązany 196 razy
  • Średni wynik to 8 z 10
Statystyki odpowiedzi
Miejsce Miasto Ludność % Poprawnych
1 Rzym 2 746 639
100%
2 Mediolan 1 361 908
99%
4 Turyn 836 661
95%
3 Neapol 909 937
94%
8 Florencja 360 444
79%
5 Palermo 628 348
75%
7 Bolonia 388 171
62%
6 Genua 558 328
58%
9 Bari 315 666
53%
10 Katania 298 008
40%
Nie znaleziono quizów pasujących do podanych kryteriów
Rozkład punktacji
Procent ludzi z każdym wynikiem
Percentyl według liczby udzielonych odpowiedzi
Twoja historia wyników
Nie rozwiązałeś tego quizu